Métodos matemáticos para la economía : (Registro nro. 5343)

Detalles MARC
000 -LEADER
fixed length control field 00936nam a2200229Ia 4500
003 - CONTROL NUMBER IDENTIFIER
control field OSt
005 - DATE AND TIME OF LATEST TRANSACTION
control field 20200608124458.0
008 - FIXED-LENGTH DATA ELEMENTS--GENERAL INFORMATION
fixed length control field 191128s1981 sp ad fr 000 0 spa d
020 ## - INTERNATIONAL STANDARD BOOK NUMBER
International Standard Book Number 8436801822
040 ## - CATALOGING SOURCE
Original cataloging agency CO-JMCR
Transcribing agency CO-JMCR
041 0# - LANGUAGE CODE
Language code of text/sound track or separate title spa
082 04 - DEWEY DECIMAL CLASSIFICATION NUMBER
Classification number 330.0151 /
Item number B677m
Edition number 23
100 1# - MAIN ENTRY--PERSONAL NAME
Personal name Borrell Fontelles, José,
Relator term autor
9 (RLIN) 5184
245 10 - TITLE STATEMENT
Title Métodos matemáticos para la economía :
Remainder of title campos y autosistemas /
Statement of responsibility, etc. José Borrell Fontelles
260 ## - PUBLICATION, DISTRIBUTION, ETC.
Place of publication, distribution, etc. Madrid :
Name of publisher, distributor, etc. Pirámide,
Date of publication, distribution, etc. 1981
300 ## - PHYSICAL DESCRIPTION
Extent 334 páginas :
Other physical details gráficos a blanco y negro ;
Dimensions 22 cm.
490 0# - SERIES STATEMENT
Series statement Ciencia y técnica
505 0# - FORMATTED CONTENTS NOTE
Formatted contents note Campos escaleras y vectoriales. Límites, continuidad y derivación -- Diferenciales de primer orden -- Campos compuestos -- Funciones implícitas -- Diferenciales de orden superior -- Funciones homogéneas -- Sistemas de referencias
650 14 - SUBJECT ADDED ENTRY--TOPICAL TERM
Topical term or geographic name entry element Economía
9 (RLIN) 5185
650 14 - SUBJECT ADDED ENTRY--TOPICAL TERM
Topical term or geographic name entry element Modelos matemáticos
9 (RLIN) 1740
942 ## - ADDED ENTRY ELEMENTS (KOHA)
Source of classification or shelving scheme Dewey Decimal Classification
Koha item type Books
Existencias
Withdrawn status Lost status Source of classification or shelving scheme Damaged status Not for loan Collection code Home library Current library Date acquired Source of acquisition Cost, normal purchase price Total Checkouts Full call number Barcode Date last seen Date last checked out Copy number Koha item type
    Dewey Decimal Classification     Non-fiction Biblioteca Pública José María del Castillo y Rada Biblioteca Pública José María del Castillo y Rada 04/15/2018 Donación 0.00 1 330.0151 / B677m 430001734 12/02/2025 11/18/2025 Ej.1 Books